书目信息 |
| 题名: |
民用建筑电气设计资料集·办公、住宅
|
|
| 作者: | 孙成群 主编 | |
| 分册: | ||
| 出版信息: | 北京 知识产权出版社 2001.12 |
|
| 页数: | 391页 | |
| 开本: | 29×42cm | |
| 丛书名: | ||
| 单 册: | ||
| 中图分类: | TU855 , TU | |
| 科图分类: | ||
| 主题词: | 房屋建筑设备:机电设备 | |
| 电子资源: | ||
| ISBN: | 7-80011-635-2 | |
| 000 | 00622nam0 2200193 45 | |
| 001 | 0332344088 | |
| 005 | 20060927153204.46 | |
| 010 | @a7-80011-635-2@dCNY 99.00 | |
| 100 | @a20030329d2001 km y0chiy0120 ea | |
| 101 | 0 | @achi |
| 200 | 1 | @a民用建筑电气设计资料集·办公、住宅@Amin yong jian zhu dian qi she ji zi liao ji·ban gong、zhu zhai@f孙成群主编@Fsun cheng qun zhu bian |
| 210 | @a北京@c知识产权出版社@d2001.12 | |
| 215 | @a391页@d29×42cm | |
| 606 | 0 | @a房屋建筑设备:机电设备 |
| 690 | @aTU855@v4 | |
| 690 | @aTU@v3 | |
| 701 | 0 | @a孙成群@Asun cheng qun@4主编 |
| 801 | 0 | @aCN@bPFT@c20060927 |
| 905 | @a10447@dTU855@eS900 | |
| 民用建筑电气设计资料集·办公、住宅/孙成群主编.-北京:知识产权出版社,2001.12 |
| 391页;29×42cm |
| ISBN 7-80011-635-2:CNY 99.00 |
| ● |
| 相关链接 |
|
|
|
正题名:民用建筑电气设计资料集·办公、住宅
索取号:TU855/S900
 
预约/预借
| 序号 | 登录号 | 条形码 | 馆藏地/架位号 | 状态 | 备注 |
| 1 | 220571 | 202205719 | 能源与建筑环境工程学院资料室/ [索取号:TU855/S900] | 在馆 | |
| 2 | 367339 | 203673391 | 建筑库201/ [索取号:TU855/S900] | 在馆 | |
| 3 | 367340 | 203673408 | 建筑库201/201建筑库 103排4列3层/ [索取号:TU855/S900] | 在馆 | |
| 4 | 435815 | 204358159 | 建筑库201/201建筑库 103排4列3层/ [索取号:TU855/S900] | 在馆 | |
| 5 | 435816 | 204358168 | 建筑库201/201建筑库 103排4列3层/ [索取号:TU855/S900] | 在馆 |